Computer graphics : using OpenGL (Record no. 5476)

MARC details
000 -LEADER
fixed length control field 00346nam a2200145Ia 4500
008 - FIXED-LENGTH DATA ELEMENTS--GENERAL INFORMATION
fixed length control field 150201s2009 xx 000 0 und d
082 ## - DEWEY DECIMAL CLASSIFICATION NUMBER
Classification number 6.6
Item number HIL
100 ## - MAIN ENTRY--PERSONAL NAME
Personal name Hill, F.S.
245 ## - TITLE STATEMENT
Title Computer graphics : using OpenGL
250 ## - EDITION STATEMENT
Edition statement 3rd Ed.
260 ## - PUBLICATION, DISTRIBUTION, ETC. (IMPRINT)
Name of publisher, distributor, etc. Pearson
Place of publication, distribution, etc. N.Delhi
Date of publication, distribution, etc. 2009
300 ## - PHYSICAL DESCRIPTION
Extent 786p.
700 ## - ADDED ENTRY--PERSONAL NAME
Personal name Kelley,S.M
942 ## - ADDED ENTRY ELEMENTS (KOHA)
Source of classification or shelving scheme Dewey Decimal Classification
Koha item type Books
Koha issues (borrowed), all copies 3
Holdings
Withdrawn status Lost status Source of classification or shelving scheme Damaged status Not for loan Home library Current library Date acquired SGTU Total Checkouts Total Renewals Full call number Barcode Date last seen Date last checked out Bill Date Koha item type
    Dewey Decimal Classification     SGT Engineering Library SGT Engineering Library 06/09/2012 SGTU 4 2 6.6 HIL FE5394 01/07/2022 04/06/2022 09/02/2015 Books
    Dewey Decimal Classification     SGT Engineering Library SGT Engineering Library 06/09/2012 SGTU 4 4 6.6 HIL FE5395 03/02/2025 24/01/2025 09/02/2015 Books